000 00593nam a22002417a 4500
003 UA-OsUOA
001 32275
007 ta
008 20050128b un ||||| |||| 00| 0 ukr d
090 _a141.82+929
_bЛ45
942 _cBK
040 _aUA-OsUOA
_brus
_cUA-OsUOA
_dUA-OsUOA
245 _aЛенин - великий теоретик
_cРед. М. В.Искров
300 _a464 с.
955 _a0
041 _arus
080 _a141.82+929
260 _aМосква
_bПолитиздат
_c1970
044 _aRU
250 _n2-е изд.
650 7 _2UDC
999 _c318714
_d318714